Täuschung, Tarnung, List, Fallen und Tricks in kriminalpolizeilichen Ermittlungsverfahren

Saved in:  
Bibliographic Details
Main Author: Thöns, Dietrich (Author)
Format: Print Article
Language:German
Published: 1977
In: Der Kriminalist
Year: 1977, Volume: 9, Issue: 9, Pages: 496-500
Check availability: HBZ Gateway
Keywords:

MARC

LEADER 00000caa a22000002c 4500
001 1634356756
003 DE-627
005 20220608100250.0
007 tu
008 131128s1977 xx ||||| 00| ||ger c
035 |a (DE-627)1634356756 
035 |a (DE-576)398098352 
035 |a (DE-599)BSZ398098352 
040 |a DE-627  |b ger  |c DE-627  |e rakwb 
041 |a ger 
100 1 |a Thöns, Dietrich  |4 aut 
245 1 0 |a Täuschung, Tarnung, List, Fallen und Tricks in kriminalpolizeilichen Ermittlungsverfahren  |c Dietrich Thöns 
264 1 |c 1977 
336 |a Text  |b txt  |2 rdacontent 
337 |a ohne Hilfsmittel zu benutzen  |b n  |2 rdamedia 
338 |a Band  |b nc  |2 rdacarrier 
773 0 8 |i In  |t Der Kriminalist  |d Berlin : DBB-Verl., 1969  |g 9(1977), 9, Seite 496-500  |w (DE-627)167524194  |w (DE-600)539407-7  |w (DE-576)015770524  |x 0722-3501  |7 nnas 
773 1 8 |g volume:9  |g year:1977  |g number:9  |g pages:496-500 
951 |a AR 
ELC |b 1 
LOK |0 000 xxxxxcx a22 zn 4500 
LOK |0 001 3289284069 
LOK |0 003 DE-627 
LOK |0 004 1634356756 
LOK |0 005 20140527095341 
LOK |0 008 131128||||||||||||||||ger||||||| 
LOK |0 040   |a DE-21-110  |c DE-627  |d DE-21-110 
LOK |0 689   |a s  |a Kriminalpolizei 
LOK |0 689   |a s  |a Ermittlungsverfahren 
LOK |0 852   |z Kein Bestand am IfK; Nachweis für KrimDok 
LOK |0 852   |a DE-21-110 
LOK |0 852 1  |m v  |9 00 
LOK |0 935   |a k110 
LOK |0 938   |k v 
LOK |0 939   |a 28-11-13  |b l01 
ORI |a SA-MARC-krimdoka001.raw